Word Ladder: Wishful Thinking? Quiz Stats

 Plays Quiz Updated Jul 13, 2019

Score 0/33 Timer 04:00
0 Plays Today
Clue I Hope... % Correct
Sitcom '____ 70s Show'THAT
98.7%
Boston's 'More ____ a Feeling'THAN
98.4%
Having little fleshTHIN
96.6%
Full set of actorsCAST
95.2%
Winter garmentCOAT
95%
Price to payCOST
94.3%
Informal conversationCHAT
93.7%
Fish's breathing apparatusGILL
92.6%
Beginning of plant lifeSEED
91%
Job for a lawyerCASE
90.9%
Root vegetableBEET
90.6%
Dispatch or mailSEND
90.5%
Noise indicating an angry driverBEEP
90.2%
Leak slowlySEEP
89%
ArrivedCAME
89%
Uttered SAID
88.8%
Common partner of first rungTHIS
88.5%
Clue I Hope... % Correct
Strong windGALE
87.8%
Temporarily give awayLEND
87.4%
Part of the eyeLENS
86.4%
Gently placed downLAID
85.9%
USA's Rust or Bible, e.g.BELT
85.9%
Bile; resentmentGALL
85.8%
Ship's destinationLAND
85.7%
Silicon DioxideSAND
85.6%
Death wishWILL
84.8%
Droop like a leafWILT
84.8%
Permits, allowsLETS
84.8%
Can precede show or boyGAME
84%
ManyLOTS
83.8%
Red mark or scarWELT
83.7%
Note recording a debtCHIT
79.3%
Multiple Greek lettersCHIS
76.9%

Today's Daily Dose

Missing Word
Celine Dion

Word Ladder
Dr. Seuss Books

Quick Pick
Cities in India

Get the Picture
'A' Actresses

You're not logged in!

Compare scores with friends on all Sporcle quizzes.
OR
Log In

Sporcle TV

Today on Sporcle TV


Watch our educational content, quiz creation guides, and fun videos on Sporcle TV.

Show Comments

Extras

Top Quizzes Today


Score Distribution

Your Account Isn't Verified!

In order to create a playlist on Sporcle, you need to verify the email address you used during registration. Go to your Sporcle Settings to finish the process.

Report this User

Report this user for behavior that violates our Community Guidelines.

Details: